书目信息 |
| 题名: |
民法概论
|
|
| 作者: | 姚欢庆 著 | |
| 分册: | ||
| 出版信息: | 北京 中国人民大学出版社 2003.03 |
|
| 页数: | 318页 | |
| 开本: | 23cm | |
| 丛书名: | 21世纪经济管理类法律应用简明教材民商法系列 | |
| 单 册: | ||
| 中图分类: | D923.01-43 | |
| 科图分类: | ||
| 主题词: | 民法--min fa--概论--高等学校--中国--教材 | |
| 电子资源: | ||
| ISBN: | 7-300-04585-5 | |
| 000 | 01004nam 2200253 450 | |
| 001 | 012006722970 | |
| 005 | 20060313165307.84 | |
| 010 | @a7-300-04585-5@dCNY23.00 | |
| 100 | @a20060313d2003 km y0chiy0120 ea | |
| 101 | 0 | @achi |
| 102 | @aCN@b110000 | |
| 105 | @ay z 000yy | |
| 200 | 1 | @a民法概论@Amin fa gai lun@f姚欢庆著@Fyao huan qing zhu |
| 210 | @a北京@c中国人民大学出版社@d2003.03 | |
| 215 | @a318页@d23cm | |
| 225 | 2 | @a21世纪经济管理类法律应用简明教材民商法系列@A21 shi ji jing ji guan li lei fa lu ying yong jian ming jiao cai min shang fa xi lie@f姚欢庆主编 |
| 330 | @a本书包括:民法概述;自然人;法人;民事法律行为;代理;诉讼时效与期限;人身权等内容。 | |
| 333 | @a高校经济管理专业本科生。 | |
| 410 | 0 | @12001 @a21世纪经济管理类法律应用简明教材民商法系列@1701 0@a姚欢庆@Ayao huan qing@4主编 |
| 606 | 0 | @a民法@Amin fa@x概论@x高等学校@y中国@j教材 |
| 690 | @aD923.01-43@v4 | |
| 701 | 0 | @a姚欢庆@Ayao huan qing@4著 |
| 801 | 0 | @aCN@bQSSK@c20060313 |
| 905 | @a10447@dD923.01-43@eY357 | |
| 民法概论/姚欢庆著.-北京:中国人民大学出版社,2003.03 |
| 318页;23cm.-(21世纪经济管理类法律应用简明教材民商法系列/姚欢庆主编) |
| 使用对象:高校经济管理专业本科生。 |
| ISBN 7-300-04585-5:CNY23.00 |
| 本书包括:民法概述;自然人;法人;民事法律行为;代理;诉讼时效与期限;人身权等内容。 |
| ● |
| 相关链接 |
|
|
|
正题名:民法概论
索取号:D923.01-43/Y357
 
预约/预借
| 序号 | 登录号 | 条形码 | 馆藏地/架位号 | 状态 | 备注 |
| 1 | 556212 | 205562121 | 社科库509/509社科库 91排6列5层/ [索取号:D923.01-43/Y357] | 在馆 | |
| 2 | 556213 | 205562130 | 社科库509/509社科库 91排6列5层/ [索取号:D923.01-43/Y357] | 在馆 | |
| 3 | 556214 | 205562149 | 社科库509/509社科库 91排6列5层/ [索取号:D923.01-43/Y357] | 在馆 |